000 00531nam a2200205Ia 4500
001 7235
003 IVS
005 20250626025159.0
008 211022s9999 xx 000 0 und d
040 _cIVS
082 _a738 SAI
100 _aSaira Khan
245 0 _aCeramics, combination of science, art and craft
260 _aKarachi
260 _bIndus Valley School
260 _c2002
300 _a40
856 _uhttps://drive.google.com/file/d/1-ywnMEWUatHnEyr0d6XB3uvesS0o0O-V/view?usp=sharing
942 _cDISS
_n0
_2ddc
999 _c2983
_d2983